Používanie výsledkov analýzy odvetví ukazuje investorovi na kapitálovom trhu cestu smerujúcu k dosiahnutiu očakávaných výnosov

Investor sa musí pri rozhodovaní opierať o informácie, ktoré získa na základe analýzy kapitálového trhu. Popri mapovaní situácie jednotlivých spoločností musí sledovať vývoj celých odvetví. Využíva pri tom analýzy, investičné odporučenia a rating vypracované špecializovanými spoločnosťami. Informáci...

Ausführliche Beschreibung

Gespeichert in:
Bibliographische Detailangaben
1. Verfasser: Grančič, P.
Format: Buchkapitel
Sprache:Slowakisch
Schlagworte:
Tags: Tag hinzufügen
Keine Tags, Fügen Sie das erste Tag hinzu!

MARC

LEADER 00000naa a2200000 4500
001 r022152
005 20230921075842.8
041 0 |a slo 
044 |a SK 
245 1 0 |a Používanie výsledkov analýzy odvetví ukazuje investorovi na kapitálovom trhu cestu smerujúcu k dosiahnutiu očakávaných výnosov  |c P. Grančič 
520 |a Investor sa musí pri rozhodovaní opierať o informácie, ktoré získa na základe analýzy kapitálového trhu. Popri mapovaní situácie jednotlivých spoločností musí sledovať vývoj celých odvetví. Využíva pri tom analýzy, investičné odporučenia a rating vypracované špecializovanými spoločnosťami. Informácie o 12 sektoroch slovenského hospodárstva: investičné fondy, obchod a služby, stavebníctvo, výroba potravín, strojárstvo, výroba stavebných látok, elektrotechnický, chemický, drevársky, papierenský, polygrafický, textilný, odevný priemysel, ťažba a spracovanie nerastných surovín, banky a poisťovne. 
610 2 0 |a trh kapitálový 
610 2 0 |a analýzy 
610 2 0 |a odvetvia činnosti ekonomickej 
610 2 0 |a investori 
610 2 0 |a rozhodovanie 
610 2 0 |a výnosy 
610 2 0 |a papiere cenné 
610 2 0 |a informácie 
100 1 |a Grančič, P.